Design of Machine Elements (Record no. 876)

MARC details
000 -LEADER
fixed length control field 00335nam a2200133Ia 4500
008 - FIXED-LENGTH DATA ELEMENTS--GENERAL INFORMATION
fixed length control field 191201s1995 xx 000 0 und d
082 ## - DEWEY DECIMAL CLASSIFICATION NUMBER
Classification number 621.815
Item number SHD
100 ## - MAIN ENTRY--PERSONAL NAME
Personal name SHARIFF, Abdulla
245 #0 - TITLE STATEMENT
Title Design of Machine Elements
260 ## - PUBLICATION, DISTRIBUTION, ETC. (IMPRINT)
Place of publication, distribution, etc N.Delhi
Name of publisher, distributor, etc Dhanpat Rai Pub (P) Ltd
Date of publication, distribution, etc 1995
300 ## - PHYSICAL DESCRIPTION
Extent 628
650 ## - SUBJECT ADDED ENTRY--TOPICAL TERM
Topical term or geographic name as entry element B.Tech(ME)
942 ## - ADDED ENTRY ELEMENTS (KOHA)
Source of classification or shelving scheme Dewey Decimal Classification
Koha item type Text Books
Holdings
Withdrawn status Lost status Source of classification or shelving scheme Damaged status Not for loan Collection code Home library Current library Date acquired Source of acquisition Cost, normal purchase price Bill Number Total Checkouts Full call number Acc. no. / Barcode Date last seen Bill Date Koha item type
    Dewey Decimal Classification     B.Tech(ME) PIET C-LIBRARY PIET C-LIBRARY 17/08/2006 M/s UDH , Delhi 100.00 125415   621.815 SHD 442 04/12/2019 18/08/2005 Text Books
    Dewey Decimal Classification     B.Tech(ME) PIET C-LIBRARY PIET C-LIBRARY 17/08/2006 M/s UDH , Delhi 100.00 125415   621.815 SHD 443 04/12/2019 18/08/2005 Text Books
    Dewey Decimal Classification     B.Tech(ME) PIET C-LIBRARY PIET C-LIBRARY 17/08/2006 M/s UDH , Delhi 100.00 125415   621.815 SHD 444 04/12/2019 18/08/2005 Text Books
    Dewey Decimal Classification     B.Tech(ME) PIET C-LIBRARY PIET C-LIBRARY 17/08/2006 M/s UDH , Delhi 100.00 125415   621.815 SHD 445 04/12/2019 18/08/2005 Text Books

Design & Developed by: PIET Central Library
R70 Miles Stone Pattikalyana Samalkha Panipat 132102
mail ID :- [email protected], Phone No:- 0180-2569700 Ex.216